=LDR 00000nam 2200000 4500 =001 INLIS000000000032566 =005 20130612134552 =008 ***********************************Ind** =035 ##$$0010-061300000032566 =041 ##$$a Ind =082 ##$$a 439.3 =090 ##$$a 439.3, Ter p =100 ##$$a Termorshuizen, S.G =245 ##$$a Pelajaran bahasa Belanda, SG Termorshuizen =260 ##$$a 1981 $b Jakarta =300 ##$$a 70 hlm, 21 cm =650 ##$$a Bahasa Belanda =850 ##$$a NBPNMAT